000 00421nam a2200133Ia 4500
008 220217s9999||||xx |||||||||||||| ||und||
020 _a81-7656-735-3
082 _a005.133 PIL
100 _aPillai, Vineeta and Jain, Satish
245 0 _aA- level made simple introduction to object oriented program
260 _aBPB publications
_bNew Delhi
_c2003
300 _a210p.;30cm
_b120
650 _aPROGRAMMING LANGUAGE
999 _c180717
_d180717